Official Languages of Countries #4 - Statistics

General Stats
  • This quiz has been taken 29 times
  • The average score is 14 of 28
Answer Stats
Country Language % Correct
Portugal Portuguese
100%
Slovakia Slovak
100%
India Hindi
96%
India English
85%
South Sudan English
85%
Djibouti Arabic
78%
India Tamil
78%
India Urdu
78%
Djibouti French
74%
India Bengali
70%
India Punjabi
67%
India Gujarati
44%
India Kannada
37%
India Malayalam
37%
India Sanskrit
37%
India Telugu
37%
India Marathi
33%
India Assamese
30%
India Kashmiri
30%
India Maithili
30%
India Oriya
26%
India Sindhi
26%
India Konkani
22%
India Nepalese
22%
India Manipur
19%
India Dogri
11%
India Bodo
7%
India Santali
7%
No matching quizzes found
Score Distribution
Percent of People with Each Score
Percentile by Number Answered
Your Score History
You have not taken this quiz